Groupes Coupe du monde 2006 - Statistiques

Statistiques générales
  • Ce quiz a été pris 694 fois
  • Le résultat moyen est 27 sur 32
Statistiques - réponses
Groupe % Correct
Allemagne
99%
Brésil
99%
France
99%
Espagne
97%
Italie
97%
Argentine
96%
Portugal
96%
Angleterre
94%
Corée du Sud
94%
Japon
93%
Suisse
93%
Etats-Unis
92%
Mexique
91%
Pays-Bas
89%
Australie
87%
Suède
85%
Côte d'Ivoire
83%
Tunisie
81%
Ukraine
80%
Ghana
79%
Pologne
79%
Serbie-et-Monténégro
79%
Togo
77%
Costa Rica
76%
Croatie
76%
Equateur
76%
Iran
76%
Paraguay
74%
Arabie Saoudite
73%
Trinité-et-Tobago
55%
République Tchèque
53%
Angola
50%
Aucun quiz correspondant
Distribution des résultats
% des personnes avec chaque résultat
Percentile par nombre de réponses
Votre historique - résultats
Vous n’avez pas pris ce quiz